[Event "Thessaloniki/Chalkidiki-chT"]
[Site "Thessaloniki/Chalkidiki"]
[Date "2019.02.17"]
[Round "5.8"]
[White "Tzimoulias, Konstantinos"]
[Black "Tsaknakis, Zisis"]
[Result "0-1"]
[WhiteElo "1590"]
[BlackElo "2253"]
[PlyCount "140"]
[EventDate "2019.01.13"]
[EventType "team-tourn"]
[EventRounds "9"]
[EventCountry "GRE"]
[SourceTitle "EXT 2020"]
[Source "ChessBase"]
[SourceDate "2019.10.17"]
[SourceVersion "1"]
[SourceVersionDate "2019.10.17"]
[SourceQuality "1"]
[WhiteTeam "Thessaloniki Aris"]
[BlackTeam "Galaxias"]
[WhiteTeamCountry "GRE"]
[BlackTeamCountry "GRE"]

1. e4 c5 2. Nc3 Nc6 3. g3 g6 4. Bg2 Bg7 5. Nge2 d6 6. d3 Rb8 7. 0-0 e6 8. Be3 Nd4 9. Qd2 Ne7 10. Nd1 Nxe2+ 11. Qxe2 0-0 12. c3 Nc6 13. Qd2 b6 14. d4 Ba6 15. Re1 cxd4 16. cxd4 e5 17. dxe5 dxe5 18. Qxd8 Rfxd8 19. Nc3 Nb4 20. Red1 Nc2 21. Rxd8+ Rxd8 22. Rd1 Rxd1+ 23. Nxd1 Bc4 24. Nc3 Nxe3 25. fxe3 Bd3 26. Kf2 Bh6 27. Nd5 Kf8 28. Ke1 Bc4 29. Kd2 Bxa2 30. Nb4 Bb3 31. Nc6 Ke8 32. Nxa7 Kd7 33. Nb5 Bc4 34. Na3 Ba6 35. Nc2 Bf8 36. Kc3 Bb7 37. Ne1 Bc5 38. Nc2 f5 39. Kd3 Ba6+ 40. Kd2 Bb7 41. Kd3 Bf8 42. Ne1 Kd6 43. exf5 Ba6+ 44. Kc3 gxf5 45. Bh3 f4 46. gxf4 Bg7 47. Kc2 exf4 48. exf4 Bh6 49. Bf5 Bxf4 50. Bxh7 Bxh2 51. Nd3 Bg1 52. Kc3 Bc8 53. Bg8 Bf5 54. Nc1 Bh2 55. b3 Bg3 56. Nd3 Bh3 57. Bf7 Bf1 58. Bg8 Bh4 59. Nf4 Bf6+ 60. Kb4 Bg5 61. Nd5 Bd2+ 62. Ka3 b5 63. Kb2 Bd3 64. Nc3 Kc5 65. Nd1 Bf4 66. Kc3 Be2 67. Kc2 Bh5 68. Nf2 Bg6+ 69. Nd3+ Kd4 70. Kb2 Kxd3 0-1

[Event "Agios Ioannis Pelion op 1st"]
[Site "Agios Ioannis"]
[Date "2018.06.23"]
[Round "9"]
[White "Tsekouras, Vasilios"]
[Black "Tzimoulias, Konstantinos"]
[Result "0-1"]
[WhiteElo "1880"]
[BlackElo "1498"]
[PlyCount "78"]
[EventDate "2018.06.16"]
[EventType "swiss"]
[EventRounds "9"]
[EventCountry "GRE"]
[SourceTitle "CBM 185 Extra"]
[Source "ChessBase"]
[SourceDate "2018.07.29"]
[SourceVersion "1"]
[SourceVersionDate "2018.07.29"]
[SourceQuality "1"]

1. e4 c5 2. Nf3 e6 3. d4 cxd4 4. Nxd4 Nc6 5. Be3 Nf6 6. Nd2 a6 7. g3 Qc7 8. Bg2 Be7 9. 0-0 d6 10. f4 Rb8 11. g4 Nxd4 12. Bxd4 e5 13. g5 exd4 14. gxf6 Bxf6 15. e5 dxe5 16. Ne4 0-0 17. Nxf6+ gxf6 18. f5 Bd7 19. Rf3 Rfc8 20. Rg3+ Kf8 21. Qh5 Qxc2 22. Bd5 Be8 23. Qxh7 Qc5 24. Be6 Rc7 25. Rg7 d3+ 26. Kg2 Rd8 27. Qg8+ Ke7 28. Bxf7 Qc2+ 29. Kh3 Kd6 30. Qf8+ Re7 31. Be6 Qc7 32. Bb3 Bf7 33. Qxf7 Rxf7 34. Rxf7 Qc5 35. Rxf6+ Kc7 36. Rf7+ Kb8 37. f6 Qe3+ 38. Kg4 Qf4+ 39. Kh5 Rh8+ 0-1

[Event "Agios Ioannis Pelion op 1st"]
[Site "Agios Ioannis"]
[Date "2018.06.19"]
[Round "5"]
[White "Koutlas, Nikolaos"]
[Black "Tzimoulias, Konstantinos"]
[Result "0-1"]
[WhiteElo "1856"]
[BlackElo "1498"]
[PlyCount "68"]
[EventDate "2018.06.16"]
[EventType "swiss"]
[EventRounds "9"]
[EventCountry "GRE"]
[SourceTitle "CBM 185 Extra"]
[Source "ChessBase"]
[SourceDate "2018.07.29"]
[SourceVersion "1"]
[SourceVersionDate "2018.07.29"]
[SourceQuality "1"]

1. e4 c5 2. Nf3 e6 3. d4 cxd4 4. Nxd4 Nc6 5. Nc3 Nf6 6. Be2 a6 7. 0-0 Qc7 8. Kh1 Be7 9. Be3 0-0 10. f4 b5 11. e5 Ne8 12. Bd3 Nxd4 13. Bxd4 f5 14. Rf3 Bb7 15. Rh3 Qc6 16. Qe2 Nc7 17. Rf1 Nd5 18. Rff3 g6 19. Rfg3 Nxf4 20. Qd2 Nxh3 21. Rxh3 Rf7 22. Bf1 Rc8 23. a3 Bc5 24. Ne2 Bxd4 25. Nxd4 Qd5 26. Re3 f4 27. Re2 f3 28. gxf3 Rxf3 29. Nxf3 Qxf3+ 30. Kg1 Qh1+ 31. Kf2 Rf8+ 32. Kg3 Qxf1 33. Re3 Qf4+ 34. Kh3 Rf5 0-1